Classical dynamics /

Bibliographic Details
Main Author: Greenwood, Donald T.
Format: Book
Language:English
Published: Englewood Cliffs, N.J. : Prentice-Hall, [1977]
Series:Prentice-Hall international series in dynamics.
Subjects:

MARC

Tag First Indicator Second Indicator Subfields
LEADER 00000pam a2200000 i 4500
001 in00000335213
005 20151011054954.0
008 760730s1977 njua b 00110 eng
010 |a  76028299  
020 |a 0131360361 :  |c $18.95 
035 |a (OCoLC)02388238 
035 |9 ABM1814AM 
040 |a DLC  |c DLC  |d TXA  |d UtOrBLW 
049 |a TXAM  |c 1 [1376869], 2 [1417377] 
050 0 0 |a QA845  |b .G827 
082 0 |a 531/.163/01515 
100 1 |a Greenwood, Donald T. 
245 1 0 |a Classical dynamics /  |c Donald T. Greenwood. 
264 1 |a Englewood Cliffs, N.J. :  |b Prentice-Hall,  |c [1977] 
264 4 |c ©1977 
300 |a x, 337 pages :  |b illustrations ;  |c 24 cm. 
336 |a text  |b txt  |2 rdacontent 
337 |a unmediated  |b n  |2 rdamedia 
338 |a volume  |b nc  |2 rdacarrier 
490 1 |a Prentice-Hall international series in dynamics 
504 |a Includes bibliographical references and index. 
650 0 |a Dynamics. 
650 0 |a Relativistic mechanics. 
830 0 |a Prentice-Hall international series in dynamics. 
999 |a MARS 
999 f f |s e025617f-2acd-3ee9-a5d1-0564ed9a7212  |i 5703b067-b573-33bc-9466-0bcc639d7b38  |t 0 
952 f f |p normal  |a Texas A&M University  |b College Station  |c Sterling C. Evans Library  |s Evans stk  |d Evans: Library Stacks  |t 0  |e QA845 .G827  |h Library of Congress classification  |i unmediated -- volume  |m A14804563269 
998 f f |a QA845 .G827  |t 0  |l Evans: Library Stacks